The dialogues of Plato / (Record no. 234292)
[ view plain ]
| 000 -LEADER | |
|---|---|
| fixed length control field | 01388cam a2200373 a 4500 |
| 001 - CONTROL NUMBER | |
| control field | 12991394 |
| 003 - CONTROL NUMBER IDENTIFIER | |
| control field | Nust |
| 005 - DATE AND TIME OF LATEST TRANSACTION | |
| control field | 20180703081534.0 |
| 008 - FIXED-LENGTH DATA ELEMENTS--GENERAL INFORMATION | |
| fixed length control field | 940517s1986 nyu 000 0 eng d |
| 010 ## - LIBRARY OF CONGRESS CONTROL NUMBER | |
| LC control number | 2002735557 |
| 020 ## - INTERNATIONAL STANDARD BOOK NUMBER | |
| International Standard Book Number | 9780553213713 |
| Terms of availability | Rs. 396 |
| 035 ## - SYSTEM CONTROL NUMBER | |
| System control number | (OCoLC)ocm30448319 |
| 038 ## - RECORD CONTENT LICENSOR | |
| Staff Name | Arshad |
| 040 ## - CATALOGING SOURCE | |
| Original cataloging agency | EOW |
| Transcribing agency | EOW |
| Modifying agency | KLG |
| -- | MLX |
| -- | POT |
| -- | DLC |
| 042 ## - AUTHENTICATION CODE | |
| Authentication code | lccopycat |
| 050 00 - LIBRARY OF CONGRESS CALL NUMBER | |
| Classification number | B358 |
| Item number | .J8 1986 |
| 082 ## - DEWEY DECIMAL CLASSIFICATION NUMBER | |
| Classification number | 184 |
| Author Mark | PLA |
| 100 0# - MAIN ENTRY--PERSONAL NAME | |
| Personal name | Plato. |
| 9 (RLIN) | 7766 |
| 240 10 - UNIFORM TITLE | |
| Uniform title | Dialogues. |
| Form subheading | Selections. |
| Language of a work | English |
| 245 14 - TITLE STATEMENT | |
| Title | The dialogues of Plato / |
| Statement of responsibility, etc. | with an introduction by Erich Segal. |
| 260 ## - PUBLICATION, DISTRIBUTION, ETC. | |
| Place of publication, distribution, etc. | New York : |
| Name of publisher, distributor, etc. | Bantam Books, |
| Date of publication, distribution, etc. | 1986. |
| 300 ## - PHYSICAL DESCRIPTION | |
| Extent | 384 p. ; |
| Dimensions | 18 cm. |
| 490 0# - SERIES STATEMENT | |
| Series statement | Bantam classic |
| 504 ## - BIBLIOGRAPHY, ETC. NOTE | |
| Bibliography, etc. note | Includes bibliographical references (p. 341-342) |
| 505 0# - FORMATTED CONTENTS NOTE | |
| Formatted contents note | Apology -- Crito -- Euthyphro -- Phaedo -- Protagoras -- Meno -- Symposium -- Gorgias, Part III. |
| 650 #0 - SUBJECT ADDED ENTRY--TOPICAL TERM | |
| Topical term or geographic name entry element | Philosophy. |
| 9 (RLIN) | 1793 |
| 700 1# - ADDED ENTRY--PERSONAL NAME | |
| Personal name | Segal, Erich, |
| Dates associated with a name | 1937-2010. |
| 9 (RLIN) | 11412 |
| 856 42 - ELECTRONIC LOCATION AND ACCESS | |
| Materials specified | Publisher description |
| Uniform Resource Identifier | <a href="http://www.loc.gov/catdir/description/random049/2002735557.html">http://www.loc.gov/catdir/description/random049/2002735557.html</a> |
| 856 42 - ELECTRONIC LOCATION AND ACCESS | |
| Materials specified | Contributor biographical information |
| Uniform Resource Identifier | <a href="http://www.loc.gov/catdir/enhancements/fy0614/2002735557-b.html">http://www.loc.gov/catdir/enhancements/fy0614/2002735557-b.html</a> |
| 856 41 - ELECTRONIC LOCATION AND ACCESS | |
| Materials specified | Sample text |
| Uniform Resource Identifier | <a href="http://www.loc.gov/catdir/enhancements/fy0642/2002735557-s.html">http://www.loc.gov/catdir/enhancements/fy0642/2002735557-s.html</a> |
| 906 ## - LOCAL DATA ELEMENT F, LDF (RLIN) | |
| a | 7 |
| b | cbc |
| c | copycat |
| d | 3 |
| e | ncip |
| f | 20 |
| g | y-gencatlg |
| 942 ## - ADDED ENTRY ELEMENTS (KOHA) | |
| Source of classification or shelving scheme | |
| Koha item type | Book |
| Withdrawn status | Lost status | Source of classification or shelving scheme | Damaged status | Not for loan | Permanent Location | Current Location | Shelving location | Date acquired | Total Checkouts | Total Renewals | Full call number | Barcode | Checked out | Date last seen | Date last checked out | Copy number | Price effective from | Koha item type | Collection code |
|---|---|---|---|---|---|---|---|---|---|---|---|---|---|---|---|---|---|---|---|
| Central Library (CL) | Central Library (CL) | Book Cart | 03/17/2017 | 5 | 13 | 184 PLA | CL2024 | 03/24/2026 | 02/22/2026 | 02/22/2026 | 1 | 03/17/2017 | Book | ||||||
| Central Library (CL) | Central Library (CL) | Book Cart | 03/27/2017 | 4 | 1 | 184 PLA | CL720 | 08/09/2024 | 02/13/2024 | 2 | 03/27/2017 | Book |
